| 000 | 01130nam a2200313 i 4500 | ||
|---|---|---|---|
| 001 | 13882 | ||
| 003 | KOSZ 005 | ||
| 005 | 20210329140354.0 | ||
| 008 | 080111s1971 pl a f f 001 0 pol | ||
| 015 | _aPB 1971/6190 | ||
| 040 |
_aWA N _cWA N _dKOSZ 005/RW |
||
| 080 | _a543.5 | ||
| 100 | 1 |
_aBartecki, Adam _d(1920-2010) _eAutor |
|
| 245 | 1 | 0 |
_aSpektroskopia elektronowa związków nieorganicznych i kompleksowych / _cAdam Bartecki. |
| 260 |
_aWarszawa : _bPaństwowe Wydawnictwo Naukowe, _c1971. |
||
| 300 |
_a331, [1] stron : _bilustracje, errata ; _c25 cm. |
||
| 336 |
_aTekst _btxt _2rdacontent |
||
| 337 |
_aBez urządzenia pośredniczącego _bn _2rdamedia |
||
| 338 |
_aWolumin _bnc _2rdacarrier |
||
| 380 | _aKsiążki. | ||
| 504 | _aBibliografia na stronach 311-[328]. Indeks. | ||
| 658 | _aInżynieria i technika | ||
| 658 | _aFizyka i astronomia | ||
| 650 | 4 | _aElektrony | |
| 650 | 4 | _aSpektroskopia atomowa | |
| 710 | 2 |
_aPaństwowe Wydawnictwo Naukowe _4pbl. |
|
| 856 |
_uhttp://koha.tu.koszalin.pl/cgi-bin/koha/opac-detail.pl?biblionumber=13882 _yKatalog online BPK |
||
| 942 |
_2UKD _cKS |
||
| 999 |
_c13882 _d13882 |
||